000 01901nam a2200289 a 4500
008 120416s1981 ||||||||||||||||| || u
020 _a002978560X
050 _aHD 58.7 Her
100 _aHerbert, Theodore T
245 1 0 _aDimensions of organizational behaviour
250 _a2nd ed.
260 _aNew York
_bMacmillan
_c1981
300 _ax, 513p. : ill
350 _a0.00
500 _a8 copies in SB Department
650 0 _aMANAGEMENT
650 _aORGANIZATIONAL BEHAVIOUR
995 _aBINDERY (DAMAGED)
_D0.00
_e711662
_FCBU-MAIN LIBRARY (Kitwe)
_H1
_I283.80
_jHD 58.7 Her
_M1
_UDAMAGED
_y003600
_ZMain Library Open Access Collection
995 _aBINDERY (DAMAGED)
_D0.00
_e711663
_FCBU-MAIN LIBRARY (Kitwe)
_H4
_I283.80
_jHD 58.7 Her
_M4
_UDAMAGED
_y025648
_ZMain Library Open Access Collection
995 _aTEXTBOOKS (SB)
_D0.00
_e01350
_FCBU-SCHOOL TEXTBOOK COLLECTIONS
_H1
_I0.00
_jSCHOOL TEXTBOOK
_M7
_UAVAILABLE
_WSep 23, 2009
_y01350
_ZSchool Collections
995 _aTEXTBOOKS (SB)
_D0.00
_e01349
_FCBU-SCHOOL TEXTBOOK COLLECTIONS
_H1
_I0.00
_jSCHOOL TEXTBOOK
_M6
_UAVAILABLE
_WSep 23, 2009
_y01349
_ZSchool Collections
995 _aTEXTBOOKS (SB)
_D0.00
_e01352
_FCBU-SCHOOL TEXTBOOK COLLECTIONS
_H1
_I0.00
_jSCHOOL TEXTBOOK
_M9
_UAVAILABLE
_WSep 23, 2009
_y01352
_ZSchool Collections
995 _aBINDERY (DAMAGED)
_D0.00
_e711641
_FCBU-MAIN LIBRARY (Kitwe)
_H2
_I283.80
_jHD 58.7 Her
_M3
_UDAMAGED
_y024617
_ZMain Library Open Access Collection
995 _aTEXTBOOKS (SB)
_D0.00
_e01351
_FCBU-SCHOOL TEXTBOOK COLLECTIONS
_H1
_I0.00
_jSCHOOL TEXTBOOK
_M8
_UAVAILABLE
_WSep 23, 2009
_y01351
_ZSchool Collections
995 _aMAIN LIBRARY OPEN ACCESS
_D0.00
_e711642
_FCBU-MAIN LIBRARY (Kitwe)
_H3
_I283.80
_jHD 58.7 Her
_M2
_UAVAILABLE
_y024585
_ZMain Library Open Access Collection
995 _aTEXTBOOKS (SB)
_D0.00
_e01348
_FCBU-SCHOOL TEXTBOOK COLLECTIONS
_H1
_I0.00
_jSCHOOL TEXTBOOK
_M5
_UAVAILABLE
_WSep 23, 2009
_y01348
_ZSchool Collections
999 _c63571
_d63571